Geography Case Studies Facts, Figures - Statistics

General Stats
  • This quiz has been taken 4 times
  • The average score is 24 of 49
Answer Stats
Hint Answer % Correct
Haiti Year- 2010
100%
Eyjafjallajokull Year- 2010
100%
Christchurch Year- 2011
100%
Tohuko Year- 2011
100%
Fukushima nuclear power plant meltdown level ? 7
100%
Volcano Type composite
100%
Type of volcano composite
100%
Type of volcano composite
100%
Tsunami breach a .. Meter wall 10
50%
Cost 1.1 bn
50%
GDP 12 bn
50%
Homeless 1.3 mil
50%
Cost 14bn
50%
Deaths 185
50%
Deaths 19759
50%
St Helens Year- 1980
50%
Nevada del Ruiz Year - 1985
50%
Costs 1 bn
50%
Indian Ocean Year- 2004
50%
Deaths 23000
50%
Deaths 230000
50%
Deaths 230000
50%
Cost 235 bn
50%
Deaths 57
50%
Magnitude 7.0
50%
What percentage lived under $2 a day 72%
50%
Magnitude 9.0
50%
what percentage of earthquakes 90%
50%
Magnitude 9.1-9.3
50%
Christchurch
50%
plate boundary destructive
50%
Main plate destructive
50%
Tectonics Case Studies - Haiti
50%
iceland volcano
50%
Indian ocean
50%
Hazard lahar
50%
pacific ring of fire
50%
st helens
50%
Tohoku
50%
Lead to a ... tsunami
50%
Distruption 100000 flights cancelled, 10 million passengers affected
0%
Cost 10-15 bn
0%
Cost 1.7bn global loss
0%
Displaced 1.7 mil
0%
Cost 40bn nz
0%
what percentage of world volcanoes does it hold 75%
0%
Boundary constructive
0%
Why so low death count monitoring, evacuation
0%
nevado del ruiz
0%
No matching quizzes found
Score Distribution
Percent of People with Each Score
Percentile by Number Answered
Your Score History
You have not taken this quiz